[Event "Amay - CRELEL "]
[Site "?"]
[Date "2011.03.27"]
[Round "11.6"]
[White "Memeti, Kastriot"]
[Black "Lalefice, Luigi"]
[Result "1-0"]
[WhiteElo "2194"]
[BlackElo "1801"]
[PlyCount "52"]
[EventDate "2010.10.07"]
[SourceDate "2011.03.27"]

1. d4 Nf6 2. Nf3 d6 3. Bf4 Bg4 4. Nbd2 Nbd7 5. h3 Bf5 6. e3 h6 7. Be2 g5 8. Bg3
Bg7 9. O-O e6 10. c4 Qe7 11. b4 c5 12. Qb3 b6 13. Rad1 e5 14. bxc5 bxc5 15. Qb7
Rb8 16. Qc7 O-O 17. dxe5 Ne8 18. exd6 Qxe3 19. fxe3 Nxc7 20. dxc7 Rbc8 21. Nb3
Be6 22. Na5 Rfe8 23. Nc6 a6 24. Na7 Ra8 25. c8=Q Raxc8 26. Nxc8 Rxc8 1-0

[Event "CRELEL - Amay"]
[Site "?"]
[Date "2011.03.27"]
[Round "11.7"]
[White "Barbier, Frederic"]
[Black "Noiroux, Kevin"]
[Result "1/2-1/2"]
[WhiteElo "1789"]
[BlackElo "2190"]
[PlyCount "69"]
[EventDate "2010.10.07"]
[SourceDate "2011.03.27"]

1. c4 Nf6 2. Nc3 e6 3. Nf3 Bb4 4. Qc2 Nc6 5. d3 h6 6. a3 Bxc3+ 7. Qxc3 a5 8.
Bf4 d6 9. h3 e5 10. Bg3 Ne7 11. e3 O-O 12. Be2 Be6 13. O-O g5 14. Nh2 Nf5 15.
Qe1 Nh7 16. Bg4 Nxg3 17. fxg3 f5 18. Bf3 c6 19. e4 Qb6+ 20. Qf2 Qxf2+ 21. Rxf2
fxe4 22. Bxe4 Nf6 23. Bf5 Bxf5 24. Rxf5 Nd7 25. g4 Nc5 26. Rd1 Ne6 27. Nf3 c5
28. g3 Kg7 29. Rf1 Ra6 30. Rxf8 Nxf8 31. Nd2 d5 32. cxd5 Rd6 33. Nc4 Rxd5 34.
Kg2 Nd7 35. Rf3 1/2-1/2

[Event "Amay - CRELEL "]
[Site "?"]
[Date "2011.03.27"]
[Round "11.8"]
[White "Wirth, Charles"]
[Black "Arabia, Allen"]
[Result "1/2-1/2"]
[WhiteElo "1847"]
[BlackElo "1181"]
[PlyCount "30"]
[EventDate "2010.10.07"]
[SourceDate "2011.03.27"]

1. d4 d5 2. Bg5 Bf5 3. e3 f6 4. Bh4 Qd6 5. Nc3 e5 6. Bg3 Ne7 7. Bd3 c6 8. a3
Qe6 9. Bxf5 Nxf5 10. Nf3 Nd7 11. Ne2 h5 12. h4 Bd6 13. dxe5 Nxg3 14. Nxg3 Bxe5
15. Nxe5 Qxe5 1/2-1/2

[Event "CREC - Borgerhout"]
[Site "Complex Sportif de Roux, BEL"]
[Date "2011.03.27"]
[Round "11.2"]
[White "Saibulatov, Daniyal"]
[Black "Docx, Stefan"]
[Result "1-0"]
[WhiteElo "2399"]
[BlackElo "2432"]
[PlyCount "74"]
[EventDate "2011.??.??"]

1. e4 e5 2. Nf3 Nc6 3. Bb5 a6 4. Ba4 Nf6 5. O-O Be7 6. Re1 b5 7. Bb3 d6 8. c3
O-O 9. h3 Na5 10. Bc2 c5 11. d4 Nd7 12. dxc5 dxc5 13. Nbd2 Bb7 14. Nf1 Nc4 15.
Ng3 Nd6 16. Nh2 Re8 17. Qg4 Nf6 18. Qf3 h6 19. Be3 Qc8 20. Rad1 Qc6 21. Bc1 Bc8
22. Nh5 Nxh5 23. Qxh5 Bf8 24. Ng4 Nc4 25. Rd3 Qg6 26. Nxh6+ Kh7 27. Qxg6+ Kxg6
28. Rg3+ Kf6 29. Rf3+ Kg6 30. Nxf7 Ra7 31. Ng5 Nxb2 32. Rg3 Nc4 33. f4 exf4 34.
Bxf4 Kf6 35. Rf1 Ke7 36. Nh7 Kd7 37. Bb8 Bd6 1-0

[Event "Borgerhout - CREC"]
[Site "Complex Sportif de Roux, BEL"]
[Date "2011.03.27"]
[Round "11.3"]
[White "Vedder, Henk"]
[Black "Laurent, Bruno"]
[Result "1/2-1/2"]
[WhiteElo "2422"]
[BlackElo "2306"]
[PlyCount "40"]
[EventDate "2011.??.??"]

1. e4 e6 2. d4 d5 3. Nc3 Nf6 4. e5 Nfd7 5. f4 c5 6. Nf3 Nc6 7. Be3 Be7 8. Qd2
O-O 9. dxc5 Bxc5 10. Bxc5 Nxc5 11. O-O-O Qa5 12. Kb1 Rd8 13. Nd4 Bd7 14. h4
Nxd4 15. Qxd4 Ne4 16. Rh3 Rac8 17. Re3 Nxc3+ 18. Rxc3 Rxc3 19. Qxc3 Qxc3 20.
bxc3 Rc8 1/2-1/2

[Event "CREC - Borgerhout "]
[Site "?"]
[Date "2011.03.27"]
[Round "11.4"]
[White "Godart, Francois"]
[Black "De Haan, Eric"]
[Result "1-0"]
[WhiteElo "2240"]
[BlackElo "2395"]
[PlyCount "91"]
[EventDate "2010.10.07"]
[SourceDate "2011.03.27"]

1. d4 Nf6 2. c4 c5 3. d5 e6 4. Nc3 exd5 5. cxd5 d6 6. e4 g6 7. f4 Qe7 8. Nf3
Bg4 9. h3 Bxf3 10. Qxf3 Nbd7 11. Bd3 Bg7 12. O-O O-O 13. Bd2 Ne8 14. Bb5 a6 15.
Bxd7 Qxd7 16. Rae1 Nc7 17. f5 Bd4+ 18. Be3 Bxe3+ 19. Rxe3 f6 20. fxg6 hxg6 21.
Qg3 Kg7 22. Rf4 Rh8 23. Ref3 Raf8 24. Rg4 Rh6 25. h4 Qe7 26. Nd1 Qe5 27. Ne3
Qxg3 28. Rfxg3 Kh7 29. h5 Rxh5 30. Rxg6 Nb5 31. Rg7+ Kh8 32. Rxb7 Nd4 33. Rgg7
Rg5 34. Rge7 f5 35. Nxf5 Nxf5 36. exf5 Rfxf5 37. Rh7+ Kg8 38. Rhd7 Rg6 39. Ra7
Kh8 40. Rd8+ Rg8 41. Rxd6 Rg7 42. Raxa6 Rb7 43. b3 Kg7 44. Rac6 Kf7 45. Rxc5
Ra7 46. Rc2 1-0

[Event "Borgerhout - CREC "]
[Site "?"]
[Date "2011.03.27"]
[Round "11.5"]
[White "Nieto, Emanuel"]
[Black "Dal Borgo, Albin"]
[Result "1/2-1/2"]
[WhiteElo "2382"]
[BlackElo "2205"]
[PlyCount "38"]
[EventDate "2010.10.07"]
[SourceDate "2011.03.27"]

1. e4 e5 2. Nf3 Nc6 3. Bc4 Nf6 4. d3 Be7 5. Bb3 O-O 6. O-O d5 7. exd5 Nxd5 8.
h3 Bf6 9. Re1 Re8 10. a3 Be6 11. Nbd2 Nf4 12. Bxe6 Nxe6 13. Ne4 Ned4 14. Nfd2
Be7 15. Ng3 Bh4 16. c3 Bxg3 17. fxg3 Ne6 18. Qf3 Nc5 19. Ne4 Nxe4 1/2-1/2

[Event "CREC - Borgerhout "]
[Site "?"]
[Date "2011.03.27"]
[Round "11.6"]
[White "Israel, Gregory"]
[Black "Veltkamp, Gerben"]
[Result "1/2-1/2"]
[WhiteElo "2103"]
[BlackElo "2241"]
[PlyCount "46"]
[EventDate "2010.10.07"]
[SourceDate "2011.03.27"]

1. d4 d5 2. c4 c6 3. Nf3 Nf6 4. Nc3 a6 5. b3 Bg4 6. e3 Nbd7 7. Be2 e6 8. O-O
Bd6 9. h3 Bh5 10. Qc2 O-O 11. a4 Re8 12. Ba3 Qe7 13. Bxd6 Qxd6 14. Rfd1 Rad8
15. Rac1 Qb4 16. Na2 Qe7 17. Nc3 Bg6 18. Bd3 dxc4 19. Bxg6 hxg6 20. bxc4 e5 21.
Rb1 exd4 22. exd4 Nf8 23. d5 cxd5 1/2-1/2

[Event "Borgerhout - CREC "]
[Site "?"]
[Date "2011.03.27"]
[Round "11.7"]
[White "Provinciael, Ernest"]
[Black "Lalau, Alexandre"]
[Result "1/2-1/2"]
[WhiteElo "1905"]
[BlackElo "2039"]
[PlyCount "56"]
[EventDate "2010.10.07"]
[SourceDate "2011.03.27"]

1. e4 c5 2. d4 cxd4 3. c3 d3 4. Bxd3 d6 5. Nf3 Nc6 6. h3 Nf6 7. O-O Qc7 8. Na3
a6 9. Qe2 e6 10. Rd1 Be7 11. Nc2 O-O 12. Ncd4 Ne5 13. Nxe5 dxe5 14. Nf3 b6 15.
a3 Bb7 16. b4 Rfd8 17. Bb2 b5 18. Rac1 Nd7 19. c4 bxc4 20. Rxc4 Qb8 21. Rc2 f6
22. Bc4 Nf8 23. Rcd2 Qa7 24. Nh4 Kh8 25. Rxd8 Rxd8 26. Rxd8 Bxd8 27. Qh5 Bc6
28. Qe2 Bb7 1/2-1/2

[Event "CREC - Borgerhout "]
[Site "?"]
[Date "2011.03.27"]
[Round "11.8"]
[White "Hias, Ludovic"]
[Black "Bistiaux, Thomas"]
[Result "1-0"]
[WhiteElo "2017"]
[BlackElo "1807"]
[PlyCount "78"]
[EventDate "2010.10.07"]
[SourceDate "2011.03.27"]

1. e4 c5 2. Nf3 e6 3. c3 Nc6 4. d4 cxd4 5. cxd4 d5 6. e5 Bb4+ 7. Bd2 Qb6 8. a3
Bxd2+ 9. Qxd2 Nge7 10. Bd3 Bd7 11. O-O Nxd4 12. Nxd4 Qxd4 13. Re1 Qb6 14. Nc3
Ng6 15. Rad1 O-O 16. Bb1 Bc6 17. Re3 f5 18. Ne2 Ba4 19. Re1 Rac8 20. Qd4 Qxd4
21. Nxd4 Kf7 22. g4 f4 23. Bxg6+ hxg6 24. Rf3 Ke7 25. g5 Rc4 26. Rd3 Bd7 27.
Nf3 Bc6 28. Red1 Rc2 29. R1d2 Rc1+ 30. Rd1 Rxd1+ 31. Rxd1 Rh8 32. Rc1 Rh5 33.
h4 Kd7 34. Rd1 Rh8 35. Rd4 Rf8 36. Kg2 Bb5 37. Nd2 Rf5 38. Rb4 Kc6 39. Nf3 Kc7
1-0

[Event "Rochade - Eynatten 1"]
[Site "Complex Sportif de Roux, BEL"]
[Date "2011.03.27"]
[Round "11.1"]
[White "Vaganian, Rafael"]
[Black "Lutz, Christopher"]
[Result "0-1"]
[WhiteElo "2577"]
[BlackElo "2545"]
[PlyCount "68"]
[EventDate "2011.??.??"]

1. Nf3 Nf6 2. d4 e6 3. e3 d5 4. Bd3 c5 5. b3 Nc6 6. O-O Bd6 7. Bb2 O-O 8. Nbd2
Qe7 9. Ne5 cxd4 10. exd4 Ba3 11. Qc1 Bxb2 12. Qxb2 Qc7 13. Rac1 Bd7 14. Ndf3
Rac8 15. c3 Rfd8 16. Rfe1 Be8 17. Bb1 Nd7 18. Nxd7 Qxd7 19. Qc2 g6 20. Qd2 Qe7
21. Re3 a5 22. a4 Rc7 23. Rce1 Qf6 24. h4 Rb8 25. h5 b5 26. hxg6 hxg6 27. axb5
Rxb5 28. c4 dxc4 29. bxc4 Rh5 30. g4 Rh7 31. d5 Ne7 32. Qe2 Qf4 33. Qf1 Rxc4
34. dxe6 Qh6 0-1

[Event "Eynatten 1 - Rochade"]
[Site "Complex Sportif de Roux, BEL"]
[Date "2011.03.27"]
[Round "11.2"]
[White "Sulskis, Sarunas"]
[Black "Berelowitsch, Alexander"]
[Result "1-0"]
[WhiteElo "2539"]
[BlackElo "2571"]
[PlyCount "115"]
[EventDate "2011.??.??"]

1. e4 e6 2. d4 d5 3. Nc3 Nf6 4. Bg5 dxe4 5. Nxe4 Nbd7 6. Nxf6+ Nxf6 7. Nf3 h6
8. Bh4 Be7 9. Bc4 c5 10. Qe2 Qa5+ 11. c3 cxd4 12. Nxd4 O-O 13. O-O Bd7 14. Rad1
Rad8 15. Rd3 Qc7 16. Re3 Nd5 17. Bxe7 Nxe7 18. f4 Bc6 19. f5 Rxd4 20. cxd4 Nxf5
21. Rc3 Qb6 22. Qf2 Qxd4 23. Qxd4 Nxd4 24. Re1 Rd8 25. a3 Kf8 26. Kf2 Ke7 27.
Rd3 Rd6 28. Rg3 g6 29. h3 h5 30. Rd3 h4 31. b4 a6 32. Rd2 g5 33. Rdd1 f6 34.
Rd2 f5 35. Re3 Be4 36. Bd3 Nb5 37. Ke1 Nc3 38. Bxe4 Nxe4 39. Rxd6 Kxd6 40. Rd3+
Kc6 41. Rd8 g4 42. hxg4 fxg4 43. Rd4 Nf6 44. Rf4 Nd5 45. Rxg4 Ne3 46. Rg5 Nc2+
47. Kd2 Nxa3 48. Rh5 e5 49. Rxh4 Kd5 50. Rh6 a5 51. bxa5 Nc4+ 52. Ke2 Nxa5 53.
g4 Nc6 54. g5 Nd4+ 55. Kf2 e4 56. Rf6 Ke5 57. Rf7 Ke6 58. g6 1-0

[Event "Eynatten 1 - Rochade"]
[Site "Complex Sportif de Roux, BEL"]
[Date "2011.03.27"]
[Round "11.4"]
[White "Levin, Felix"]
[Black "Glek, Igor"]
[Result "1/2-1/2"]
[WhiteElo "2512"]
[BlackElo "2478"]
[PlyCount "66"]
[EventDate "2011.??.??"]

1. d4 e6 2. Nf3 f5 3. g3 Nf6 4. Bg2 d5 5. O-O Bd6 6. c4 O-O 7. b3 b6 8. Ba3
Bxa3 9. Nxa3 Qe7 10. Qc1 Bb7 11. Nc2 dxc4 12. bxc4 Nbd7 13. Qa3 c5 14. Nce1
Rfe8 15. Nd3 cxd4 16. Qxe7 Rxe7 17. Nxd4 Bxg2 18. Kxg2 Rc8 19. Rfc1 Ne4 20. Rc2
g6 21. Nb3 Kg7 22. a4 Ndc5 23. Nbxc5 Nxc5 24. Ra3 Kf6 25. a5 Rec7 26. axb6 axb6
27. Nxc5 Rxc5 28. Rb2 R8c6 29. Rab3 Rxc4 30. Rxb6 Rxb6 31. Rxb6 Rc2 32. e3 g5
33. h3 h6 1/2-1/2

[Event "Rochade - Eynatten 1"]
[Site "?"]
[Date "2011.03.27"]
[Round "11.5"]
[White "Fiebig, Thomas"]
[Black "Swinkels, Robin"]
[Result "1/2-1/2"]
[WhiteElo "2453"]
[BlackElo "2503"]
[PlyCount "55"]
[EventDate "2010.10.07"]
[SourceDate "2011.03.27"]

1. e4 c6 2. d4 d5 3. exd5 cxd5 4. c4 Nf6 5. Nc3 Nc6 6. Bg5 dxc4 7. Bxc4 h6 8.
Be3 e6 9. Nf3 Bd6 10. O-O O-O 11. Re1 b6 12. a3 Bb7 13. Qe2 Rc8 14. Bd3 Ne7 15.
Ne5 Ned5 16. Bd2 Qe7 17. Rac1 Nxc3 18. Bxc3 Bd5 19. Ba6 Rc7 20. Bd2 Ne4 21. Nc4
Nxd2 22. Qxd2 Rd8 23. Nxd6 Rxd6 24. Rxc7 Qxc7 25. Rc1 Rc6 26. Rxc6 Qxc6 27. Bf1
Qc7 28. Bd3 1/2-1/2

[Event "Eynatten 1 - Rochade "]
[Site "?"]
[Date "2011.03.27"]
[Round "11.6"]
[White "Dambacher, Martijn"]
[Black "Schneider, Bernd"]
[Result "1/2-1/2"]
[WhiteElo "2476"]
[BlackElo "2410"]
[PlyCount "107"]
[EventDate "2010.10.07"]
[SourceDate "2011.03.27"]

1. d4 g6 2. c4 Bg7 3. e4 d6 4. Nc3 e5 5. Nge2 Nc6 6. Be3 f5 7. exf5 Bxf5 8. d5
Nce7 9. h3 h5 10. Ng3 Nf6 11. Bd3 Qd7 12. Qd2 O-O 13. Bg5 Nh7 14. Bxe7 Qxe7 15.
Bxf5 gxf5 16. Nxh5 Qh4 17. Nxg7 Kxg7 18. Qd3 Kh8 19. g3 Qh6 20. Qd2 Qh5 21. Qe2
Qh6 22. Qd2 Qh5 23. Qe2 Qh6 24. Kd1 f4 25. Kc2 fxg3 26. fxg3 Qg6+ 27. Ne4 Ng5
28. Rae1 Nf3 29. Rd1 Nd4+ 30. Rxd4 exd4 31. Rd1 Rae8 32. Rxd4 c5 33. dxc6 bxc6
34. Qd3 d5 35. Nd2 Qxd3+ 36. Kxd3 dxc4+ 37. Rxc4 Rf2 38. Rh4+ Kg7 39. Rg4+ Kh6
40. Nc4 c5 41. Re4 Rxe4 42. Kxe4 Rg2 43. g4 Rh2 44. Kd5 Rxh3 45. Kxc5 Kg5 46.
Kb5 Kxg4 47. Ka6 Kf4 48. Kxa7 Ke4 49. Kb6 Kd4 50. Kb5 Rh5+ 51. Kb4 Rh8 52. Nb6
Rh2 53. Kb3 Rh3+ 54. Kb4 1/2-1/2

[Event "Rochade - Eynatten 1"]
[Site "?"]
[Date "2011.03.27"]
[Round "11.7"]
[White "Coenen, Michael"]
[Black "Polaczek, Richard"]
[Result "1-0"]
[WhiteElo "2355"]
[BlackElo "2418"]
[PlyCount "133"]
[EventDate "2010.10.07"]
[SourceDate "2011.03.27"]

1. e4 Nf6 2. e5 Nd5 3. d4 d6 4. c4 Nb6 5. exd6 cxd6 6. Nf3 g6 7. h3 Bg7 8. Be2
O-O 9. O-O Bf5 10. b3 d5 11. a4 Nc6 12. a5 Bxb1 13. Rxb1 Nxa5 14. c5 Nc8 15. b4
Nc4 16. b5 a6 17. Bxc4 dxc4 18. bxa6 bxa6 19. Bf4 Qd5 20. Qe2 Na7 21. Rfc1 Nb5
22. Rb4 c3 23. Qxe7 Rae8 24. Qg5 Qxg5 25. Bxg5 Re4 26. Be3 h6 27. Ra1 f5 28.
Rxa6 c2 29. Ra1 f4 30. Rxb5 fxe3 31. fxe3 Rxe3 32. Rc1 Rfxf3 33. gxf3 Bxd4 34.
Kf1 Rc3 35. Ke2 Bxc5 36. Kd2 Bd4 37. Rd5 Bg7 38. Rd3 Rc7 39. Rxc2 Rf7 40. Ke2
Re7+ 41. Re3 Rf7 42. Rc6 Bf6 43. Ree6 Kg7 44. Rcd6 Re7 45. Rxe7+ Bxe7 46. Ra6
Kf7 47. Kd3 Bf6 48. Ke4 Bb2 49. f4 Bc3 50. h4 h5 51. f5 Bf6 52. Ra7+ Kg8 53.
fxg6 Bxh4 54. Rh7 Bf6 55. Kf5 Bb2 56. Rxh5 Bc3 57. Rh7 Bg7 58. Rh1 Bc3 59. Rc1
Bb2 60. Rc7 Ba1 61. g7 Kh7 62. Rf7 Bd4 63. g8=Q+ Kxg8 64. Kg6 Bg1 65. Rf1 Bh2
66. Rf2 Bg3 67. Rg2 1-0

[Event "KGSRL - Eynatten 2 "]
[Site "?"]
[Date "2011.03.27"]
[Round "11.4"]
[White "Vandenbussche, Thibaut"]
[Black "Kaufeld, Juergen"]
[Result "1-0"]
[WhiteElo "2374"]
[BlackElo "2290"]
[PlyCount "49"]
[EventDate "2010.10.07"]
[SourceDate "2011.03.27"]

1. e4 c5 2. Nf3 d6 3. d4 cxd4 4. Nxd4 Nf6 5. Nc3 Nc6 6. h3 e5 7. Nf3 h6 8. Bc4
Be7 9. O-O Na5 10. Bb5+ Bd7 11. Bxd7+ Qxd7 12. Qd3 O-O 13. Rd1 Qc6 14. Nh4 Rfd8
15. Nf5 Bf8 16. Qf3 Nh7 17. Rd3 Kh8 18. Nd5 Qd7 19. Qg4 f6 20. Nde7 Ng5 21.
Ng6+ Kh7 22. Nxf8+ Rxf8 23. h4 g6 24. Rxd6 Qc8 25. hxg5 1-0

[Event "Eynatten 2 - KGSRL"]
[Site "?"]
[Date "2011.03.27"]
[Round "11.5"]
[White "Philipowski, Robert"]
[Black "Goormachtigh, Johan"]
[Result "1-0"]
[WhiteElo "2257"]
[BlackElo "2323"]
[PlyCount "55"]
[EventDate "2010.10.07"]
[SourceDate "2011.03.27"]

1. e4 c5 2. Nf3 e6 3. c3 Nf6 4. e5 Nd5 5. d4 cxd4 6. cxd4 d6 7. Bc4 Nb6 8. Bb3
dxe5 9. Nxe5 Nc6 10. Nxc6 bxc6 11. O-O Be7 12. Nc3 O-O 13. Ne4 Nd5 14. Re1 Qb6
15. Bg5 Bxg5 16. Nxg5 Ba6 17. Rc1 h6 18. Nf3 Rad8 19. Rc5 Nf4 20. Ne5 Nd3 21.
Nxd3 Bxd3 22. Qc1 Rxd4 23. Rxc6 Qa5 24. Rd1 Rfd8 25. h3 Qe5 26. Rc8 Rxc8 27.
Qxc8+ Kh7 28. Qc3 1-0

[Event "KGSRL - Eynatten 2 "]
[Site "?"]
[Date "2011.03.27"]
[Round "11.6"]
[White "Deleyn, Gunter"]
[Black "Gohla, Ulf"]
[Result "1/2-1/2"]
[WhiteElo "2321"]
[BlackElo "2195"]
[PlyCount "51"]
[EventDate "2010.10.07"]
[SourceDate "2011.03.27"]

1. g3 d5 2. Bg2 c6 3. d3 Nf6 4. c3 e5 5. Nd2 Nbd7 6. Qc2 Bd6 7. Ngf3 O-O 8. O-O
Re8 9. e4 Qc7 10. Re1 Nf8 11. Nf1 dxe4 12. dxe4 Bg4 13. Ne3 Bxf3 14. Bxf3 g6
15. Nc4 Be7 16. Be3 Ne6 17. Rad1 b5 18. Nd2 c5 19. Nb3 Rad8 20. Qe2 c4 21. Nc1
Nc5 22. Bg5 a6 23. Bg2 Ne6 24. Be3 Nc5 25. Bg5 Ne6 26. Be3 1/2-1/2

[Event "Eynatten 2 - KGSRL"]
[Site "?"]
[Date "2011.03.27"]
[Round "11.7"]
[White "Heimsoth, Holger"]
[Black "Ponnet, Hendrik"]
[Result "1/2-1/2"]
[WhiteElo "2176"]
[BlackElo "2236"]
[PlyCount "27"]
[EventDate "2010.10.07"]
[SourceDate "2011.03.27"]

1. Nf3 d6 2. d4 g6 3. e4 Bg7 4. Be2 Nf6 5. Nc3 O-O 6. O-O Bg4 7. h3 Bxf3 8.
Bxf3 Nbd7 9. Bg5 h6 10. Be3 e5 11. dxe5 dxe5 12. Qd2 Kh7 13. Rad1 c6 14. Bg4
1/2-1/2

[Event "KGSRL - Eynatten 2 "]
[Site "?"]
[Date "2011.03.27"]
[Round "11.8"]
[White "Deman, Stefaan"]
[Black "Vanstreels, Luc"]
[Result "1/2-1/2"]
[WhiteElo "2118"]
[BlackElo "2158"]
[PlyCount "38"]
[EventDate "2010.10.07"]
[SourceDate "2011.03.27"]

1. e4 c6 2. d4 d5 3. e5 c5 4. dxc5 Nc6 5. Bb5 e6 6. Be3 Nge7 7. c3 Bd7 8. Bxc6
Bxc6 9. Nf3 Nf5 10. Bd4 Nxd4 11. cxd4 b6 12. cxb6 Qxb6 13. Qb3 Qa6 14. Nc3 Be7
15. a4 O-O 16. Nb5 Qb6 17. Qd3 Bxb5 18. axb5 Rfb8 19. O-O Qxb5 1/2-1/2